| 000 | 01926cam a22003131i 4500 | ||
|---|---|---|---|
| 003 | SA-RiAUC | ||
| 005 | 20250410073248.0 | ||
| 008 | 250315s1980 su a j 0000j ara c | ||
| 024 | 0 | _a00000000731429 | |
| 040 |
_aSA-RiAUC _bara _cSA-RiAUC _dAE-DuMBRL _erda |
||
| 050 | 4 | _bS26 1980 | |
| 082 | 0 | 4 |
_a813.01 _qSA-RiAUC |
| 090 |
_a813.01 _b ع ث م |
||
| 100 | 1 |
_aعثمان، سباعي أحمد، _d1988-1937 _eمؤلف. |
|
| 245 | 1 | 2 |
_aالصمت والجدران : _b(مجموعة قصص قصيرة) / _cسباعي عثمان. |
| 250 | _aالطبعة الأولى. | ||
| 264 | 1 |
_a[السعودية] : _bمنشورات العصر الحديث، _c1980. |
|
| 300 |
_a184 صفحة : _bإيضاحيات ؛ _c20 × 14 سم |
||
| 336 |
_aنص _btxt _2rdacontent _3كتاب |
||
| 337 |
_aبدون وسيط _bn _2rdamedia |
||
| 338 |
_aمجلد _bnc _2rdacarrier |
||
| 500 | _aالقصة القصيرة. | ||
| 500 | _aالغلاف بريشة : يوسف تهامي ؛ الرسوم الداخلي للفنان : طلعت كركدن. | ||
| 520 | _aتناول الكتاب مجموعة قصصية بعنوان (الصمت والجدران) والذي قام بتأليفه سباعي عثمان في حوالي (184) صفحة من القطع المتوسط، ومن أهم القصص التي يتناولها الكتاب : الصمت والجدران، وفي انتظار الصيف، ومسافرة، والمحطة الأخيرة، وليلة من ذات الليالي، والدوامة، وفي انتظار الصباح، وظلال امرأة، والجرح والسكين، وشرخ في فراغ، وهذيان في أليف، ومنابع الدم والجراح. | ||
| 650 | 7 |
_aالقصص العربية القصيرة _zالسودان _yقرن 20 _2aucsh |
|
| 650 | 7 |
_aالأدب العربي _zالسودان _yقرن 20 _2aucsh |
|
| 942 |
_2ddc _cBOOK _n0 |
||
| 949 |
_aSA-JeALM _d250315 _umohamedma123 _n1 |
||
| 999 |
_c6837 _d6837 |
||